000 00855nam a2200253Ia 4500
003 GCL
008 140319s9999 xx 000 0 ara d
020 _a2520069960
040 _aGCL /
_cGCL
082 0 4 _a622
_bج م
100 1 _aجريجورى ، سيدرك اى
245 1 0 _aمبادئ مهنة التعدين /
_cجريجورى ، سيدرك اى
260 _aالرياض :
_bجامعة الملك عبدالعزيز ،
_c2000
300 _a295 ص ؛
_c24 سم
650 0 4 _aالتعدين
650 0 4 _aالمناجم
650 0 4 _aالثروة المعدنية
650 0 4 _aالرواسب المعدنية
650 0 4 _aالتعدين السطحى
650 0 4 _aالتعدين - اجهزة ومعدات
650 0 4 _aالتعدين - صناعة وتمويل
650 0 4 _aالتعدين - الامتيازات
942 _2ddc
_cBK
999 _c6908
_d6908